| 000 | 00000nam##2200000za#4500 |
|---|---|
| 001 | 9.698753 |
| 003 | CaOODSP |
| 005 | 20210625000054 |
| 007 | cr ||||||||||| |
| 008 | 150407|1988||||xxc|||||o f|0| 0 eng|d |
| 040 | |aCaOODSP|beng |
| 043 | |an-cn--- |
| 086 | 1 |aNR16-126/1988E-PDF |
| 110 | 2 |aNational Research Council Canada. |
| 245 | 10|aInvestigations on the source of domoic acid responsible for the outbreak of amnesic shellfish poisoning (ASP) in eastern Prince Edward Island / |h[electronic resource]|c[by] S.S. Bates, C.J. Bird, R.K. Boyd, A.S.W. de Freitas, M. Falk, R.A. Foxall, L.A. Hanic, W.D. Jamieson, A.W. McCulloch, P. Odense, M.A. Quilliam, P.G. Sim, P. Thibault, J.A. Walter, and J.L.C. Wright. |
| 246 | 3 |aAtlantic Research Laboratory technical report 57 |
| 260 | |aOttawa - Ontario : |bNational Research Council |cSeptember 1988. |
| 300 | |a66p.|bfigs., references, tables |
| 590 | |a14-02-Supp|b2014-01-08 |
| 856 | 40|ahttp://publications.gc.ca|qPDF|s2.22 MB|uhttps://publications.gc.ca/collections/collection_2013/cnrc-nrc/NR16-126-1988-eng.pdf |
| 986 | |aNRCC 29086 |